000 00447nam a2200133Ia 4500
008 100328s9999 xx 000 0 und d
082 _b60095
100 _aमुळे ज्ञानेश्वर
245 _aमाती,पंख आणि आकाश.
260 _bनवसाहित्य.
630 _aमाती,पंख आणि आकाश.
730 _aमाती,पंख आणि आकाश.
942 _cBOOK
999 _c546266
_d546263